České pivní pohádky /

Osm pohádek pro dospělé, kteří jsou milovníky piva.

Main Author: Vávra, Jiří
Other Authors: Vávrová, Michaela, Drahoňovská, Veronika
Language: Czech
Published: V Praze : Pointa, 2021
Edition: První vydání
Subjects:
Physical Description: 115 stran : ilustrace ; 22 cm
Book
Saved in:
LEADER 02249nam a2200457 i 4500
001 nkc20213377835
003 CZ PrNK
005 20220222060734.0
007 ta
008 211207s2021 xr a e 000 j cze
015 |a cnb003377835 
020 |a 978-80-7650-468-4  |q (vázáno) :  |c Kč 299,00 
035 |a (OCoLC)1296108321 
040 |a ABG001  |b cze  |e rda 
072 7 |a 821.162.3-3  |x Česká próza  |2 Konspekt  |9 25 
080 |a 821.162.3-32  |2 MRF 
080 |a 663.4  |2 MRF 
080 |a (0:82-32)  |2 MRF 
100 1 |a Vávra, Jiří  |7 xx0267203  |4 aut 
245 1 0 |a České pivní pohádky /  |c Jiří Vávra a Michaela Vávrová ; ilustrovala Veronika Drahoňovská 
250 |a První vydání 
264 1 |a V Praze :  |b Pointa,  |c 2021 
300 |a 115 stran :  |b ilustrace ;  |c 22 cm 
336 |a text  |b txt  |2 rdacontent 
336 |a statický obraz  |b sti  |2 rdacontent 
337 |a bez média  |b n  |2 rdamedia 
338 |a svazek  |b nc  |2 rdacarrier 
520 2 |a Osm pohádek pro dospělé, kteří jsou milovníky piva.  |b České pivo je národní poklad. Klenot tradiční české kultury, stejně jako knedlo vepřo zelo nebo Jára Cimrman. Vaří se u nás už od roku 993 a od té doby zkrášlilo nespočet postav českých pivařů. Bez piva by bylo v Česku rozhodně méně veselí a radosti. Proto je potřeba ho opěvovat a zároveň vzdát hold i českým pivařům, bez jejichž bodrého nasazení by české pivo nikdy nezískalo tolik věhlasu. Z těchto důvodů jsou tyto pohádky věnovány právě českému pivu a českým pivařům - dědečkům, tatínkům, partnerům, kamarádům, ale i manželkám a přítelkyním, které jejich zálibu láskyplně trpí a mnohdy i sdílejí. Nakladatelská anotace. 
650 0 7 |a pivo  |7 ph137949  |2 czenas 
650 0 9 |a beer  |2 eczenas 
655 7 |a české příběhy  |7 fd133973  |2 czenas 
655 9 |a Czech stories  |2 eczenas 
700 1 |a Vávrová, Michaela  |7 xx0267205  |4 aut 
700 1 |a Drahoňovská, Veronika  |4 ill 
910 2 |a BOA001  |b 2-1479.553 
920 |a 4624701  |z ABG001 
928 9 |a Albatros Media - Pointa 
990 |a BK 
995 |a 01 
991 |b 202202  |c NOV 
996 6 |b 2610891256  |c 2-1479.553  |l MZK  |r Sklad / do 1 hodiny  |n 0  |p p.v.  |w 001874951  |u 000010  |a 1  |e BOA001  |j MZK50  |s P